Key methods in geography (Record no. 86487)

MARC details
000 -LEADER
fixed length control field 00874 a2200265 4500
003 - CONTROL NUMBER IDENTIFIER
control field CBULib
005 - DATE AND TIME OF LATEST TRANSACTION
control field 20260212094905.0
008 - FIXED-LENGTH DATA ELEMENTS--GENERAL INFORMATION
fixed length control field 260212b |||||||| |||| 00| 0 eng d
020 ## - INTERNATIONAL STANDARD BOOK NUMBER
International Standard Book Number 9781529772098
040 ## - CATALOGING SOURCE
Original cataloging agency CBULib
Language of cataloging English
Transcribing agency CBULib
Description conventions rda
050 ## - LIBRARY OF CONGRESS CALL NUMBER
Classification number G 70 Key
100 ## - MAIN ENTRY--PERSONAL NAME
9 (RLIN) 5250
Personal name Clifford, Nicholas
245 ## - TITLE STATEMENT
Title Key methods in geography
Statement of responsibility, etc / edited by Nicholas Clifford; Meghan Cope; and Thomas W. Gillespie
250 ## - EDITION STATEMENT
Edition statement Fourth edition
260 ## - PUBLICATION, DISTRIBUTION, ETC. (IMPRINT)
Place of publication, distribution, etc Los Angeles :
Name of publisher, distributor, etc SAGE Publications,
Date of publication, distribution, etc [2023]
300 ## - PHYSICAL DESCRIPTION
Extent xxii, 756 pages : illustrations, maps
336 ## - CONTENT TYPE
Source rdacontent
Content type term Text |
Content type code txt
337 ## - MEDIA TYPE
Source rdamedia
Media type term Unmediated |
Media type code n
338 ## - CARRIER TYPE
Source rdacarrier
Carrier type term Volume
Carrier type code nc
650 #0 - SUBJECT ADDED ENTRY--TOPICAL TERM
9 (RLIN) 2526
Topical term or geographic name as entry element GEOGRAPHY
650 #0 - SUBJECT ADDED ENTRY--TOPICAL TERM
9 (RLIN) 5365
Topical term or geographic name as entry element GEOGRAPHY RESEARCH METHODOLOGY
700 ## - ADDED ENTRY--PERSONAL NAME
9 (RLIN) 4909
Personal name Cope, Meghan
Relator term editor
700 ## - ADDED ENTRY--PERSONAL NAME
9 (RLIN) 4910
Personal name Gillespie, Thomas W
Relator term editor
942 ## - ADDED ENTRY ELEMENTS (KOHA)
Source of classification or shelving scheme
Koha item type MONOGRAPH
Holdings
Withdrawn status Lost status Source of classification or shelving scheme Damaged status Not for loan Collection code Permanent Location Current Location Shelving location Date acquired Source of acquisition Cost, normal purchase price Full call number Barcode Date last seen Copy number Price effective from Koha item type
          Main Library Open Access Collection CBU-MAIN LIBRARY, KITWE. CBU-MAIN LIBRARY, KITWE. General Stacks 10/13/2025 DON-BOOKAID 41.04 G 74 Key 753764 10/13/2025 1 10/13/2025 MONOGRAPH
          Main Library Open Access Collection CBU-MAIN LIBRARY, KITWE. CBU-MAIN LIBRARY, KITWE. General Stacks 11/19/2025 BOOK AID INTERNATIONAL 41.04 G 74 Key 753805 11/19/2025 2 11/19/2025 MONOGRAPH
          Main Library Open Access Collection CBU-MAIN LIBRARY, KITWE. CBU-MAIN LIBRARY, KITWE. General Stacks 11/19/2025 BOOK AID INTERNATIONAL 41.04 G 74 Key 753810 11/19/2025 3 11/19/2025 MONOGRAPH